00408nam a2200169Ia 4500003000400000005001700004008004100021040000700062041000800069082001500077100002200092245005100114250000700165260004000172300001300212365001300225OSt20230327144348.0210423s1996 xx 000 0 und d cAL aeng a658.3 DAVR aDAVAR (Rustom S). aPersonnel management and industrial relations. a10 aNew DelhibVikas Publicationsc1996 axvii,421 b110cINR